| 000 | 00376nam a2200157Ia 4500 | ||
|---|---|---|---|
| 008 | 221030s9999 xx 000 0 und d | ||
| 020 | _a8170299713 | ||
| 041 | _aEnglish | ||
| 082 | _a105.23 | ||
| 100 | _aY. P. Kanetkar | ||
| 245 | 0 |
_aVisual C++ Programming _cby Y. P. Kanetkar |
|
| 260 |
_bBPB Pub. _aNew Delhi _c2011 |
||
| 300 | _a654 | ||
| 650 | _aComputers | ||
| 942 | _cBK | ||
| 999 |
_c9446 _d9446 |
||